00440nam a22001457a 4500003000400000008004100004020001800045082001200063100004600075245010700121250001300228260003400241300001100275650000800286OSt240413b |||||||| |||| 00| 0 eng d a9789352718832 a510 BHM aBHUI, Bikas Chandra and CHATTERJEE, Dipak aMathematics-I Calculus and Linear Algebra (BSC-105) (For Computer Science & Engineering Students only) aIst. ed. aNoidabVikas Publishingc2019 a467 p. aBCA